Central Library OPAC University of Rajshahi

The meanings in history / (Record no. 21908)

MARC details
000 -LEADER
fixed length control field 00748nam a22002531 4500
001 - CONTROL NUMBER
control field 21908
003 - CONTROL NUMBER IDENTIFIER
rucl marc code BD-RjUL
005 - DATE AND TIME OF LATEST TRANSACTION
control field 20211209000738.0
008 - FIXED-LENGTH DATA ELEMENTS--GENERAL INFORMATION
fixed length control field 140305s1967 enk 000 0 eng
035 ## - SYSTEM CONTROL NUMBER
System control number (BD-RjUL)21973
System control number (BD-RjUL)21973
040 ## - CATALOGING SOURCE
Original cataloging agency DLC
Transcribing agency ODaWU
Modifying agency OCoLC
-- Uk
-- BD-RjUL
Language of cataloging eng
041 ## - LANGUAGE CODE
Language code of text/sound track or separate title eng
082 ## - DEWEY DECIMAL CLASSIFICATION NUMBER
Classification number 901
Author mark and year WIM 1967
100 1# - MAIN ENTRY--PERSONAL NAME
Personal name Widgery, Alban G.
Fuller form of name (Alban Gregory),
Dates associated with a name 1887-1968.
9 (RLIN) 67638
245 14 - TITLE STATEMENT
Title The meanings in history /
Statement of responsibility, etc. Alban G. Widgery.
260 ## - PUBLICATION, DISTRIBUTION, ETC. (IMPRINT)
Place of publication, distribution, etc. London,
Name of publisher, distributor, etc. Allen & Unwin,
Date of publication, distribution, etc. 1967.
300 ## - PHYSICAL DESCRIPTION
Pagination 3-227 p. :
Size 23 cm.
500 ## - GENERAL NOTE
General note Imprint covered by label: New York, Humanities Press.
650 #0 - SUBJECT ADDED ENTRY--TOPICAL TERM
Topical term or geographic name as entry element History
General subdivision Philosophy.
9 (RLIN) 67639
942 ## - ADDED ENTRY ELEMENTS (KOHA)
Source of classification or shelving scheme Dewey Decimal Classification
Koha item type Books
Holdings
Lost status Source of classification or shelving scheme Damaged status Not for loan Collection code Permanent Location Current Location Shelving location Date acquired Source of acquisition Cost, normal purchase price Total Checkouts Full call number Date last seen Copy number Koha item type
  Dewey Decimal Classification     Non-fiction Central Library, University of Rajshahi Central Library, University of Rajshahi   10/11/1967 Sweet & Zeither 42.00   901 WIM 1967 05/03/2014 C-3 Books